TECHNOLOGY OF METAL FORMING PROCESSES/ (Record no. 2080)

MARC details
000 -LEADER
Fixed length control field 00449nam a2200169 4500
003 - CONTROL NUMBER IDENTIFIER
Control field SEACOMEC
005 - DATE AND TIME OF LATEST TRANSACTION
Control field 20250317125514.0
008 - FIXED-LENGTH DATA ELEMENTS--GENERAL INFORMATION
Fixed length control field 250317b |||||||| |||| 00| 0 eng d
020 ## - INTERNATIONAL STANDARD BOOK NUMBER / ISBN
International Standard Book Number 9788120334250
Price 2008
040 ## - CATALOGING SOURCE
Original cataloging agency SEACOMEC
082 ## - DEWEY DECIMAL CLASSIFICATION NUMBER
Classification number 671.3
Book Number K95
100 ## - MAIN ENTRY--PERSONAL NAME
Personal name KUMAR, SURENDER
245 ## - TITLE STATEMENT
Title TECHNOLOGY OF METAL FORMING PROCESSES/
Statement of responsibility SURENDER KUMAR
260 ## - IMPRINT
Place of publication NEW DELHI :
Name of publisher PHI-,
Date of publication 2008
300 ## - PHYSICAL DESCRIPTION
Page / Vol. No xvii+358p.,24x18Cms
942 ## - ADDED ENTRY ELEMENTS (KOHA)
Koha item type Books
Holdings
Withdrawn status Lost status Source of classification Damaged status Not for loan Home library Current library Date acquired Total Checkouts Call number Accession number Date last seen Price effective from Koha item type Copy number
    Dewey Decimal Classification     SEACOM ENGINEERING COLLEGE SEACOM ENGINEERING COLLEGE 05/03/2009   671.3 K95 14243 17/03/2025 17/03/2025 Reference Books  
    Dewey Decimal Classification     SEACOM ENGINEERING COLLEGE SEACOM ENGINEERING COLLEGE 05/03/2009   671.3 K95 14244 17/03/2025 17/03/2025 Books 1
    Dewey Decimal Classification     SEACOM ENGINEERING COLLEGE SEACOM ENGINEERING COLLEGE 05/03/2009   671.3 K95 14245 17/03/2025 17/03/2025 Books 2
    Dewey Decimal Classification     SEACOM ENGINEERING COLLEGE SEACOM ENGINEERING COLLEGE 05/03/2009   671.3 K95 14246 17/03/2025 17/03/2025 Books 3
    Dewey Decimal Classification     SEACOM ENGINEERING COLLEGE SEACOM ENGINEERING COLLEGE 05/03/2009   671.3 K95 14247 17/03/2025 17/03/2025 Books 4
© Seacom Engineering College, All rights reserved.      Powered by Koha